| 000 | 00848nam a22002777a 4500 | ||
|---|---|---|---|
| 001 | 9204 | ||
| 003 | FISKH | ||
| 005 | 20251201154206.0 | ||
| 008 | 251201b cb ||||| |||| 00| 0 eng d | ||
| 020 | _a9781403750150 | ||
| 040 |
_aFISKH _beng _cFISKH _dFISKH |
||
| 050 | _aPZ7.S88235 M | ||
| 082 | _a813 | ||
| 100 |
_aStone, Slade _eAuthor |
||
| 245 |
_aMantor menace : _bPower Rangers jungle fury / |
||
| 260 |
_aTennessee : _bThe Dalmatian Press , _c2008 |
||
| 300 |
_a24 unnumbered pages : _bcolor illustrations ; _c21 cm |
||
| 490 |
_aPower Rangers : _vJungle Fury |
||
| 505 | _aJ | ||
| 520 | _aThe Jungle Fury Power Rangers try to stop the evil Dai Shi and his army of Rin Shi soldiers. | ||
| 521 | 8 |
_a450
_bLexile estimate |
|
| 521 | 8 |
_aJ
_bRaz-Plus |
|
| 650 |
_aFantasy _vPicture book |
||
| 942 |
_2ddc _cBK _n0 |
||
| 999 |
_c9204 _d9204 |
||